00895nam a2200205 a 450000100100000000500170001000800410002704000250006808200200009311000990011324502100021226000330042230000270045550400740048265000300055665000130058670000250059970000380062470000270066200002293420260218080534.0101123s1965 mx r 001 0 spa d aDO-SdBNPbspacBNPHU a335.4112bA168f2 aAcademia de Ciencias de la U.R.S.S.bInstituto de Filosofía.cMéxico.eF. V. Konstantinov.10aFundamentos de la filosofía marxista /cAcademia de Ciencias de la U.R.S.S. ; redacción general de F. V. Konstantinov ; [traducción directa del ruso por Adolfo Sánchez Vásquez y Wenceslao Roces]. aMéxico :bGrijalbo,c1965. aviii, 563 p. ;c21 cm. aIncluye referencias bibliográficas y notas al pie de las páginas. 4aMaterialismo dialéctico 0aMarxismo1 aKonstantinov, F. V.,1 aSánchez Vásquez, Adolfo,etr.1 aRoces, Wenceslao,etr.